Analyses of some main macro- and microelements of meat of wild boars were kept in captivity

The aim of the study was the comparative evaluation of the chemical composition traits of wild boar meat from three different wild boar populations. The three populations were kept in three wild boar parks with different habitat conditions (Southern Great Plain and Southern and Middle Transdanubia R...

Teljes leírás

Elmentve itt :
Bibliográfiai részletek
Szerző: Bodnárné Skobrák Erika
Testületi szerző: Takarmányozástant oktatók és kutatók találkozója (15.) (2010) (Hódmezővásárhely)
Dokumentumtípus: Cikk
Megjelent: Szegedi Tudományegyetem Mezőgazdasági Kar Hódmezővásárhely 2010
Sorozat:Agrár- és vidékfejlesztési szemle 5 No. 2
Kulcsszavak:Élelmiszerkémia, Táplálkozástudomány, Vadgazdálkodás, Állattenyésztés, Élelmiszerbiztonság
Tárgyszavak:
Online Access:http://acta.bibl.u-szeged.hu/13225
LEADER 02086nab a2200229 i 4500
001 acta13225
005 20250325085547.0
008 161015s2010 hu o 000 eng d
022 |a 1788-5345 
040 |a SZTE Egyetemi Kiadványok Repozitórium  |b hun 
041 |a eng 
100 2 |a Bodnárné Skobrák Erika 
245 1 0 |a Analyses of some main macro- and microelements of meat of wild boars were kept in captivity  |h [elektronikus dokumentum] /  |c  Bodnárné Skobrák Erika 
260 |a Szegedi Tudományegyetem Mezőgazdasági Kar  |b Hódmezővásárhely  |c 2010 
300 |a 171-175 
490 0 |a Agrár- és vidékfejlesztési szemle  |v 5 No. 2 
520 3 |a The aim of the study was the comparative evaluation of the chemical composition traits of wild boar meat from three different wild boar populations. The three populations were kept in three wild boar parks with different habitat conditions (Southern Great Plain and Southern and Middle Transdanubia Regions) with special regard to nutritional circumstances. Samples were collected from the m. serratus anterior of the animals. The following chemical parameters of the meat were examined: calcium, phosphorus, magnesium, iron, manganese, zinc, copper, iodine, selenium. We looked for relationship between habitat (especially the soil), the different traits of the animals, and the mineral content of the wild boar meat. It seems that samples from intensive nutritional circumstances and from animals provided with intensive supplementary feed contain more of the studied elements. The habitat and nutritional intensity made significant difference among the examined traits of the different wild boar groups. 
650 4 |a Mezőgazdaság-tudományok 
650 4 |a Állattenyésztési és tejtermelési tudomány 
695 |a Élelmiszerkémia, Táplálkozástudomány, Vadgazdálkodás, Állattenyésztés, Élelmiszerbiztonság 
710 |a Takarmányozástant oktatók és kutatók találkozója (15.) (2010) (Hódmezővásárhely) 
856 4 0 |u http://acta.bibl.u-szeged.hu/13225/1/agrarszemle_2010_002_171-175.pdf  |z Dokumentum-elérés